[Event "4NCL/Div1/SWD1 vs. AD1"]
[Site "West Bromwich ENG"]
[Date "2003.05.04"]
[Round "10.7"]
[White "Saunders, John C"]
[Black "Anderton, David W"]
[Result "1/2-1/2"]
[WhiteElo "2187"]
[BlackElo "2257"]
[PlyCount "68"]
[EventDate "2003.05.04"]

1. e4 e6 2. d4 d5 3. Nd2 Be7 4. Bd3 Nf6 5. e5 Nfd7 6. Ne2 c5 7. c3 Nc6 8. O-O
cxd4 9. cxd4 Nb6 10. f4 g6 11. Nf3 Bd7 12. Nc3 a5 13. a4 Nb4 14. b3 Rc8 15. Nb5
Bc6 16. Be3 Nxd3 17. Qxd3 Qd7 18. Bd2 Ra8 19. Rfc1 O-O 20. Nc3 f5 21. exf6 Bxf6
22. Ne5 Qg7 23. Nb5 Rfc8 24. Rc2 Bxb5 25. Rxc8+ Nxc8 26. Qxb5 Nd6 27. Qb6 Ra6
28. Qc5 Bd8 29. Be3 h6 30. Rc1 Kh7 31. Qc2 Ra8 32. Qd3 Bb6 33. Rc2 Rf8 34. g4
Rf6 1/2-1/2

[Event "4NCL/Div1/SWD1 vs. AD1"]
[Site "West Bromwich ENG"]
[Date "2003.05.04"]
[Round "10.8"]
[White "Bellin, Jana"]
[Black "Cast, Abigail"]
[Result "1/2-1/2"]
[WhiteElo "2203"]
[BlackElo "2114"]
[PlyCount "61"]
[EventDate "2003.05.04"]

1. d4 d5 2. Nf3 Nf6 3. Bf4 Bg4 4. e3 e6 5. c4 c6 6. Qb3 Qb6 7. c5 Qxb3 8. axb3
Nbd7 9. b4 Nh5 10. Ne5 Nxf4 11. exf4 Nxe5 12. fxe5 Be7 13. Bd3 Kd7 14. Nc3 Bh5
15. b5 Bg6 16. Ke2 Bxd3+ 17. Kxd3 Rhb8 18. b4 a6 19. b6 Rf8 20. f4 f6 21. Rhf1
g5 22. g3 g4 23. Ra2 Rab8 24. Ne2 f5 25. h4 h5 26. Nc1 Rg8 27. Nb3 Ra8 28. Na5
Rab8 29. Rfa1 Rgf8 30. Ke3 Rfd8 31. Kd3 1/2-1/2

[Event "4NCL/Div1/RIC vs. BRI1"]
[Site "West Bromwich ENG"]
[Date "2003.05.04"]
[Round "10.1"]
[White "Bates, Richard A"]
[Black "Ansell, Simon"]
[Result "1/2-1/2"]
[WhiteElo "2367"]
[BlackElo "2394"]
[PlyCount "81"]
[EventDate "2003.05.04"]

1. d4 d5 2. c4 c6 3. Nf3 Nf6 4. e3 Bf5 5. Nc3 e6 6. Nh4 Bg4 7. Qb3 Qb6 8. h3
Bh5 9. g4 Bg6 10. Nxg6 hxg6 11. g5 Ng8 12. e4 dxe4 13. Be3 Qxb3 14. axb3 Ne7
15. Bg2 Nf5 16. Bxe4 Rh4 17. Bxf5 gxf5 18. f4 Na6 19. Kf2 O-O-O 20. Kg3 Rh8 21.
Rhd1 Bd6 22. d5 cxd5 23. Nb5 Bb8 24. Nxa7+ Bxa7 25. Bxa7 dxc4 26. bxc4 Rxd1 27.
Rxd1 Rd8 28. Rxd8+ Kxd8 29. Bd4 g6 30. Kf3 Kd7 31. Ke3 Kc6 32. Kd3 b5 33. b3
bxc4+ 34. bxc4 Nb4+ 35. Kc3 Na2+ 36. Kd2 Nb4 37. Kc3 Na2+ 38. Kb3 Nc1+ 39. Kc2
Ne2 40. Be3 Ng3 41. Kd3 1/2-1/2

[Event "4NCL/Div1/RIC vs. BRI1"]
[Site "West Bromwich ENG"]
[Date "2003.05.04"]
[Round "10.2"]
[White "Cobb, Charles"]
[Black "Wall, Gavin"]
[Result "1-0"]
[WhiteElo "2331"]
[BlackElo "2383"]
[PlyCount "59"]
[EventDate "2003.05.04"]

1. c4 g6 2. d4 f5 3. Nf3 Nf6 4. g3 Bg7 5. Bg2 O-O 6. O-O d6 7. Nc3 Qe8 8. d5
Na6 9. Rb1 Bd7 10. b4 c6 11. dxc6 bxc6 12. Qb3 e5 13. c5+ d5 14. Qa3 Nc7 15.
Nxe5 Qxe5 16. Bf4 Qd4 17. Rbd1 Qc4 18. Bxc7 d4 19. Nb1 Nd5 20. Nd2 Qxe2 21.
Rfe1 Qg4 22. Qb3 Kh8 23. Bxd5 cxd5 24. Qxd5 Ba4 25. Nb3 Rfe8 26. c6 d3 27. Bf4
Rad8 28. Rxe8+ Rxe8 29. Rxd3 g5 30. Re3 1-0

[Event "4NCL/Div1/RIC vs. BRI1"]
[Site "West Bromwich ENG"]
[Date "2003.05.04"]
[Round "10.3"]
[White "Rotchev, Iouri"]
[Black "Beaumont, Chris"]
[Result "1/2-1/2"]
[WhiteElo "2350"]
[BlackElo "2328"]
[PlyCount "57"]
[EventDate "2003.05.04"]

1. d4 g6 2. e4 Bg7 3. Nc3 d6 4. Be3 a6 5. f4 b5 6. Be2 b4 7. Na4 Bb7 8. Bf3 Nf6
9. e5 Nd5 10. Bd2 Qd7 11. b3 a5 12. Ne2 O-O 13. O-O Na6 14. c4 bxc3 15. Nexc3
Nab4 16. Nxd5 Bxd5 17. Bxb4 Bxf3 18. Qxf3 axb4 19. Rac1 Qb5 20. Rxc7 dxe5 21.
Rc5 Qd7 22. Rd5 Qa7 23. fxe5 e6 24. Rc5 Rad8 25. Qe4 Rd7 26. Rd1 Rfd8 27. Kf1
Bf8 28. Rc4 Rd5 29. Rd3 1/2-1/2

[Event "4NCL/Div1/RIC vs. BRI1"]
[Site "West Bromwich ENG"]
[Date "2003.05.04"]
[Round "10.4"]
[White "Burgess, Graham"]
[Black "Hinks-Edwards, Thomas"]
[Result "0-1"]
[WhiteElo "2293"]
[BlackElo "2343"]
[PlyCount "44"]
[EventDate "2003.05.04"]

1. d4 Nf6 2. Nf3 e6 3. Bg5 c5 4. c3 Qb6 5. Nbd2 d5 6. Bxf6 gxf6 7. Rb1 cxd4 8.
cxd4 Bd7 9. e4 dxe4 10. Nxe4 Bb4+ 11. Nc3 Qa5 12. Qd2 Bc6 13. Be2 Nd7 14. O-O
O-O-O 15. Qf4 Bxc3 16. bxc3 Qxa2 17. Nd2 e5 18. Qe3 exd4 19. cxd4 Rhe8 20. Qd3
Kb8 21. Nc4 Qxe2 22. Qg3+ Ka8 0-1

[Event "4NCL/Div1/RIC vs. BRI1"]
[Site "West Bromwich ENG"]
[Date "2003.05.04"]
[Round "10.5"]
[White "Webb, Laurence E"]
[Black "Collier, David O"]
[Result "1-0"]
[WhiteElo "2283"]
[BlackElo "2273"]
[PlyCount "63"]
[EventDate "2003.05.04"]

1. d4 Nf6 2. c4 e6 3. Nc3 Bb4 4. Bg5 h6 5. Bh4 b6 6. Qc2 Bb7 7. a3 Bxc3+ 8.
Qxc3 g5 9. Bg3 Ne4 10. Qc2 d6 11. e3 h5 12. f3 Nxg3 13. hxg3 Nd7 14. Bd3 Qf6
15. Be4 c6 16. Ne2 Qg7 17. Qa4 d5 18. cxd5 exd5 19. Bf5 Qf6 20. e4 b5 21. Qc2
Nb6 22. e5 Qe7 23. Kf2 Kf8 24. g4 h4 25. g3 h3 26. Rh2 Kg7 27. Rah1 Nc4 28. Qc1
f6 29. Rxh3 Rxh3 30. Rxh3 Rh8 31. exf6+ Qxf6 32. Rxh8 1-0

[Event "4NCL/Div1/RIC vs. BRI1"]
[Site "West Bromwich ENG"]
[Date "2003.05.04"]
[Round "10.6"]
[White "Curtis, John"]
[Black "Nixon, Thomas CM"]
[Result "0-1"]
[WhiteElo "2143"]
[BlackElo "2206"]
[PlyCount "44"]
[EventDate "2003.05.04"]

1. d4 Nf6 2. Nf3 e6 3. e3 b6 4. Bd3 Bb7 5. Nbd2 d5 6. O-O Bd6 7. b3 O-O 8. Bb2
Ne4 9. c4 Nd7 10. Ne5 Bxe5 11. dxe5 Ndc5 12. Bxe4 dxe4 13. Ba3 Qg5 14. Qc2 Qxe5
15. Bxc5 bxc5 16. Rad1 f5 17. g3 g5 18. Nb1 f4 19. Qc3 Qf5 20. Rd7 e5 21. Rfd1
Bc8 22. Rxc7 fxg3 0-1

[Event "4NCL/Div1/RIC vs. BRI1"]
[Site "West Bromwich ENG"]
[Date "2003.05.04"]
[Round "10.7"]
[White "Franklin, Michael J"]
[Black "Ponter, Ian"]
[Result "1/2-1/2"]
[WhiteElo "2222"]
[BlackElo "2103"]
[PlyCount "55"]
[EventDate "2003.05.04"]

1. d4 d5 2. Nf3 Nf6 3. e3 Bf5 4. Bd3 e6 5. Bxf5 exf5 6. O-O Bd6 7. c4 dxc4 8.
Qc2 Ne4 9. Qxc4 O-O 10. Nc3 c6 11. b3 Nd7 12. Bb2 Re8 13. Rad1 Qe7 14. Ne2 Nb6
15. Qc2 Nd5 16. Qc1 Rad8 17. Ne5 f6 18. Nf3 Qf7 19. Ba3 Bb8 20. Rd3 Qc7 21. g3
Qf7 22. Nf4 g5 23. Nxd5 Rxd5 24. Ne1 h5 25. f3 Nd6 26. Bxd6 Bxd6 27. Ng2 Bb8
28. Qc2 1/2-1/2

[Event "4NCL/Div1/RIC vs. BRI1"]
[Site "West Bromwich ENG"]
[Date "2003.05.04"]
[Round "10.8"]
[White "Headlong, Fenella"]
[Black "Wilson, Alexandra"]
[Result "1/2-1/2"]
[WhiteElo "1672"]
[BlackElo "2037"]
[PlyCount "37"]
[EventDate "2003.05.04"]

1. e4 c5 2. c3 e6 3. d4 d5 4. e5 Nc6 5. Nf3 Bd7 6. Be2 f6 7. O-O Qc7 8. Re1
O-O-O 9. Bb5 Nge7 10. a4 Ng6 11. Bxc6 Qxc6 12. Re2 fxe5 13. dxe5 Be7 14. b4 Qc7
15. bxc5 Bxc5 16. Ba3 Nf4 17. Rb2 Bxa3 18. Nxa3 Bc6 19. Qd4 1/2-1/2

[Event "4NCL/Div1/WGR2 vs. BAR2"]
[Site "West Bromwich ENG"]
[Date "2003.05.04"]
[Round "10.1"]
[White "Ward, Christopher"]
[Black "Berry, Neil"]
[Result "1-0"]
[WhiteElo "2516"]
[BlackElo "2293"]
[PlyCount "93"]
[EventDate "2003.05.04"]

1. d4 d5 2. c4 c6 3. Nc3 dxc4 4. e4 b5 5. a4 b4 6. Nce2 e6 7. Ng3 Ba6 8. Nf3
Nd7 9. Be2 Ngf6 10. O-O Be7 11. Qc2 c5 12. Bxc4 Bxc4 13. Qxc4 Nb6 14. Qe2 cxd4
15. Rd1 Qc7 16. Nxd4 O-O 17. Be3 Qc4 18. Qxc4 Nxc4 19. Nc6 Rfe8 20. Bd4 Bf8 21.
Rac1 Nb6 22. b3 Nc8 23. Bxf6 gxf6 24. Nh5 Bg7 25. Rd7 f5 26. e5 Nb6 27. Rd3 Kf8
28. Nxg7 Kxg7 29. Nxb4 Red8 30. Rxd8 Rxd8 31. a5 Nd5 32. Rd1 Rb8 33. Nxd5 exd5
34. Rxd5 Rxb3 35. g3 Ra3 36. Rd7 Rxa5 37. e6 Re5 38. exf7 a5 39. f8=Q+ Kxf8 40.
Rxh7 Rc5 41. Kg2 a4 42. Ra7 Rc4 43. h4 Kg8 44. Kf3 Rb4 45. Ra5 f4 46. g4 Kg7
47. Ra6 1-0

[Event "4NCL/Div1/WGR2 vs. BAR2"]
[Site "West Bromwich ENG"]
[Date "2003.05.04"]
[Round "10.2"]
[White "Dishman, Stephen"]
[Black "Littlewood, Paul E"]
[Result "1/2-1/2"]
[WhiteElo "2296"]
[BlackElo "2399"]
[PlyCount "27"]
[EventDate "2003.05.04"]

1. d4 Nf6 2. Bg5 d5 3. Nd2 c6 4. e3 Bg4 5. f3 Bf5 6. c4 Nbd7 7. cxd5 cxd5 8.
Qb3 Qb6 9. Rc1 e6 10. Qxb6 axb6 11. Bb5 Bd6 12. e4 dxe4 13. Bxf6 gxf6 14. fxe4
1/2-1/2

[Event "4NCL/Div1/WGR2 vs. BAR2"]
[Site "West Bromwich ENG"]
[Date "2003.05.04"]
[Round "10.3"]
[White "Martin, Andrew D"]
[Black "Twyble, Michael S"]
[Result "1/2-1/2"]
[WhiteElo "2426"]
[BlackElo "2238"]
[PlyCount "68"]
[EventDate "2003.05.04"]

1. d4 Nf6 2. c4 g6 3. Nc3 Bg7 4. e4 d6 5. f3 O-O 6. Bg5 c5 7. d5 Qa5 8. Qd2 a6
9. a4 e6 10. Ra3 exd5 11. cxd5 Nbd7 12. Nh3 Re8 13. Nf2 Ne5 14. Be2 Qb4 15. O-O
Bd7 16. Qc2 c4 17. Be3 Qa5 18. Qd2 Rac8 19. Bd4 h5 20. f4 Neg4 21. Bxg4 Nxg4
22. Bxg7 Kxg7 23. Nxg4 hxg4 24. f5 Qd8 25. Qf4 Qf6 26. Qxg4 Re5 27. a5 Kf8 28.
Qg3 gxf5 29. Qe3 Qg6 30. Rf3 fxe4 31. Rg3 Qh7 32. Ra1 Ke7 33. Rf1 Rg8 34. Rxg8
Qxg8 1/2-1/2

[Event "4NCL/Div1/WGR2 vs. BAR2"]
[Site "West Bromwich ENG"]
[Date "2003.05.04"]
[Round "10.4"]
[White "Cox, John J"]
[Black "Levitt, Jonathan P"]
[Result "0-1"]
[WhiteElo "2316"]
[BlackElo "2419"]
[PlyCount "66"]
[EventDate "2003.05.04"]

1. c4 g6 2. Nc3 Bg7 3. g3 d6 4. Bg2 e5 5. d3 Ne7 6. e4 O-O 7. Nge2 a5 8. O-O
Nbc6 9. h3 Nd4 10. Nxd4 exd4 11. Ne2 c5 12. f4 a4 13. Kh2 b5 14. Bd2 bxc4 15.
dxc4 Nc6 16. Nc1 Be6 17. Qc2 f5 18. exf5 Bxf5 19. Be4 a3 20. Bxf5 gxf5 21. Nd3
axb2 22. Qxb2 Qd7 23. a4 Rfe8 24. Rfe1 Re4 25. a5 Rb8 26. Qc2 Rbe8 27. a6 Na7
28. Kg1 Qf7 29. Rab1 Qg6 30. Kf2 Qh5 31. Qd1 Qxh3 32. Rg1 Re2+ 33. Qxe2 Qh2+
0-1

[Event "4NCL/Div1/WGR2 vs. BAR2"]
[Site "West Bromwich ENG"]
[Date "2003.05.04"]
[Round "10.5"]
[White "Law, Andrew P"]
[Black "Hodgson, John H"]
[Result "1/2-1/2"]
[WhiteElo "2320"]
[BlackElo "2202"]
[PlyCount "38"]
[EventDate "2003.05.04"]

1. Nf3 Nf6 2. d4 g6 3. c3 Bg7 4. Bg5 O-O 5. Nbd2 d6 6. e4 c5 7. dxc5 dxc5 8.
Bc4 Nc6 9. O-O Qc7 10. Qe2 Na5 11. Bd3 h6 12. Bh4 Nh5 13. Bc2 Be6 14. Qe3 Rfd8
15. e5 Nc6 16. Rfe1 Nxe5 17. Nxe5 Qxe5 18. Qxe5 Bxe5 19. Nf3 Bf6 1/2-1/2

[Event "4NCL/Div1/WGR2 vs. BAR2"]
[Site "West Bromwich ENG"]
[Date "2003.05.04"]
[Round "10.6"]
[White "Trent, Lawrence"]
[Black "Tan, Desmond"]
[Result "1-0"]
[WhiteElo "2257"]
[BlackElo "2307"]
[PlyCount "53"]
[EventDate "2003.05.04"]

1. d4 Nf6 2. Bg5 e6 3. e4 h6 4. Bxf6 Qxf6 5. Qd2 d5 6. Nc3 c6 7. O-O-O Bb4 8.
e5 Qd8 9. a3 Be7 10. f4 a5 11. Nf3 b5 12. a4 Bb4 13. Qe3 Bxc3 14. Qxc3 bxa4 15.
h4 Qb6 16. Rh3 Ba6 17. Rg3 O-O 18. f5 exf5 19. Qe3 Kh8 20. e6 f6 21. e7 Re8 22.
Ne5 Ra7 23. Rxg7 Kxg7 24. Qg3+ Kh8 25. Nf7+ Kh7 26. h5 Rg8 27. e8=Q 1-0

[Event "4NCL/Div1/WGR2 vs. BAR2"]
[Site "West Bromwich ENG"]
[Date "2003.05.04"]
[Round "10.7"]
[White "Sowray, Peter J"]
[Black "Taylor, Peter"]
[Result "1/2-1/2"]
[WhiteElo "2314"]
[BlackElo "2249"]
[PlyCount "84"]
[EventDate "2003.05.04"]

1. d4 Nf6 2. c4 e6 3. Nf3 c5 4. d5 d6 5. Nc3 exd5 6. cxd5 g6 7. e4 a6 8. a4 Bg4
9. Be2 Bxf3 10. Bxf3 Bg7 11. O-O Nbd7 12. Be2 O-O 13. Re1 Re8 14. Bf1 h5 15. f3
Nh7 16. Be3 Ne5 17. Be2 Rc8 18. f4 Ng4 19. Bxg4 hxg4 20. Qxg4 Bxc3 21. bxc3
Rxe4 22. Bf2 Nf6 23. Qf3 Rxe1+ 24. Rxe1 Qd7 25. Bh4 Re8 26. Rb1 Ne4 27. Re1 Nf6
28. Rxe8+ Nxe8 29. Qe4 Ng7 30. h3 Qf5 31. Qf3 Nh5 32. Be7 Qd7 33. Bg5 f6 34.
Bh4 Qf5 35. Qe3 Qxf4 36. Qe6+ Kh7 37. Qe7+ Kh6 38. Qf8+ Kh7 39. Qe7+ Kh6 40.
Qf8+ Kh7 41. Qf7+ Kh6 42. Qf8+ Kh7 1/2-1/2

[Event "4NCL/Div1/WGR2 vs. BAR2"]
[Site "West Bromwich ENG"]
[Date "2003.05.04"]
[Round "10.8"]
[White "Regan, Natasha"]
[Black "Jackson, Sheila"]
[Result "1/2-1/2"]
[WhiteElo "2200"]
[BlackElo "2173"]
[PlyCount "55"]
[EventDate "2003.05.04"]

1. e4 e5 2. f4 d5 3. exd5 exf4 4. Nf3 Nf6 5. Bc4 Nxd5 6. Qe2+ Be6 7. Nc3 Be7 8.
O-O Nxc3 9. dxc3 Bxc4 10. Qxc4 O-O 11. Bxf4 Nc6 12. Rad1 Qc8 13. Rd3 a5 14. Ne5
Nxe5 15. Bxe5 c6 16. Rfd1 Qf5 17. Qf4 Qxf4 {(=)} 18. Bxf4 Rfd8 19. Rd7 Kf8 20.
R1d3 Rxd7 21. Rxd7 b5 22. Bd6 Bxd6 23. Rxd6 Rc8 24. c4 bxc4 25. c3 Ke7 26. Rd2
Rb8 27. Kf2 Rb5 28. Ke3 1/2-1/2

[Event "4NCL/Div1/WGR1 vs. PYO"]
[Site "West Bromwich ENG"]
[Date "2003.05.04"]
[Round "10.2"]
[White "Taylor, Martin R"]
[Black "Short, Nigel"]
[Result "0-1"]
[WhiteElo "2300"]
[BlackElo "2686"]
[PlyCount "64"]
[EventDate "2003.05.04"]

1. c4 e5 2. g3 d6 3. Bg2 Nc6 4. Nc3 Be6 5. d3 Qd7 6. e4 g6 7. Be3 Bg7 8. Nge2
f5 9. b3 Nf6 10. O-O O-O 11. f3 f4 12. gxf4 Nh5 13. Nd5 Nd4 14. f5 Nxe2+ 15.
Qxe2 gxf5 16. Bg5 f4 17. Qe1 Qf7 18. Kh1 c6 19. Nc3 Kh8 20. Ne2 Rg8 21. Rg1 Bf6
22. Bxf6+ Qxf6 23. Bf1 b6 24. Qf2 Rxg1+ 25. Nxg1 Rg8 26. Ne2 Rg5 27. Bg2 Qh6
28. Qh4 Ng3+ 29. hxg3 Rh5 30. Qxh5 Qxh5+ 31. Kg1 fxg3 32. Nxg3 Qg5 0-1

[Event "4NCL/Div1/WGR1 vs. PYO"]
[Site "West Bromwich ENG"]
[Date "2003.05.04"]
[Round "10.4"]
[White "Broomfield, Matthew"]
[Black "Emms, John M"]
[Result "0-1"]
[WhiteElo "2255"]
[BlackElo "2515"]
[PlyCount "66"]
[EventDate "2003.05.04"]

1. d4 Nf6 2. Nf3 e6 3. c4 c5 4. d5 d6 5. Nc3 exd5 6. cxd5 g6 7. g3 Bg7 8. Bg2
O-O 9. O-O Re8 10. Nd2 a6 11. a4 Nbd7 12. h3 Rb8 13. a5 b5 14. axb6 Nxb6 15.
Qc2 Bd7 16. e4 Bb5 17. Nxb5 axb5 18. Nb3 Nc4 19. Nd2 Nxd2 20. Bxd2 Ra8 21. Rxa8
Qxa8 22. b4 c4 23. Bc3 Nd7 24. Ra1 Qb7 25. Bxg7 Kxg7 26. Qc3+ Kg8 27. f4 Ra8
28. e5 Qb6+ 29. Kh2 Rxa1 30. Qxa1 Qe3 31. Qa8+ Nf8 32. exd6 {(=)} 32... Kg7 33.
Qc6 c3 0-1

[Event "4NCL/Div1/WGR1 vs. PYO"]
[Site "West Bromwich ENG"]
[Date "2003.05.04"]
[Round "10.5"]
[White "Lalic, Bogdan"]
[Black "Rendle, Thomas E"]
[Result "1-0"]
[WhiteElo "2549"]
[BlackElo "2253"]
[PlyCount "101"]
[EventDate "2003.05.04"]

1. Nf3 f5 2. d4 g6 3. g3 Nf6 4. Bg2 Bg7 5. c4 O-O 6. O-O d6 7. Nc3 Nc6 8. d5
Ne5 9. Qb3 Nxf3+ 10. Bxf3 Nd7 11. Bg2 Nc5 12. Qc2 a5 13. Be3 b6 14. a3 Ba6 15.
b3 a4 16. b4 Nb3 17. Rad1 Bxc4 18. Nxa4 b5 19. Nb2 Bxb2 20. Qxb2 Qd7 21. Rd3 f4
22. gxf4 Bxd3 23. exd3 Na5 24. bxa5 Rxa5 25. Re1 Rf7 26. Bc1 Ra4 27. Qc3 Qf5
28. Be3 Qc8 29. Rc1 Qf5 30. h3 Ra8 31. Kh2 Ra4 32. Be4 Qf6 33. Qb3 Qh4 34. Rxc7
Rxf4 35. Bxf4 Qxf2+ 36. Bg2 Qxf4+ 37. Kh1 Qe5 38. Rc1 Qe3 39. Qc3 Rh4 40. Qc8+
Kg7 41. Rf1 Rf4 42. Rxf4 Qxf4 43. Qc3+ Kh6 44. Qe1 Qf6 45. Qe3+ Kg7 46. d4 Qh4
47. Bf1 Kf8 48. Bxb5 Qh5 49. Kg2 Kg8 50. Bc4 Qd1 51. Be2 1-0

[Event "4NCL/Div1/WGR1 vs. PYO"]
[Site "West Bromwich ENG"]
[Date "2003.05.04"]
[Round "10.6"]
[White "Woodward, Timothy DM"]
[Black "Baburin, Alexander"]
[Result "0-1"]
[WhiteElo "2250"]
[BlackElo "2558"]
[PlyCount "94"]
[EventDate "2003.05.04"]

1. d4 d5 2. c4 dxc4 3. Nf3 a6 4. e4 b5 5. a4 Bb7 6. axb5 axb5 7. Rxa8 Bxa8 8.
Nc3 c6 9. Be2 e6 10. O-O Nf6 11. Bg5 Be7 12. Qa1 Nbd7 13. d5 O-O 14. dxe6 fxe6
15. Rd1 Qc7 16. Qb1 Nc5 17. Bh4 Nh5 18. Bg3 Nxg3 19. hxg3 e5 20. Nd2 Bb7 21. b3
cxb3 22. Nxb3 Kh8 23. Bg4 Bc8 24. Bxc8 Qxc8 25. Nd2 Ne6 26. Nf3 Bc5 27. Rd2 Qc7
28. Ne2 Qb6 29. Nc1 Bd4 30. Nd3 Qb8 31. Qb3 Re8 32. Rc2 Qd6 33. Ra2 h6 34. Nh4
Kh7 35. Nf5 Qd7 36. Ra5 Nc5 37. Nxc5 Bxc5 38. Qc2 Bb6 39. Ra6 Qb7 40. Ra3 Rd8
41. Rd3 Rxd3 42. Qxd3 Qc7 43. Qd2 b4 44. Qxb4 Qa7 45. Kf1 Bd4 46. Qf8 Bc5 47.
Qe8 Qa2 0-1

[Event "4NCL/Div1/WGR1 vs. PYO"]
[Site "West Bromwich ENG"]
[Date "2003.05.04"]
[Round "10.7"]
[White "Turner, Matthew J"]
[Black "Yastrebov, Alexander"]
[Result "1-0"]
[WhiteElo "2519"]
[BlackElo "2207"]
[PlyCount "37"]
[EventDate "2003.05.04"]

1. c4 e5 2. g3 c6 3. d4 exd4 4. Qxd4 d5 5. Bg2 dxc4 6. Qxc4 Be6 7. Qc2 Nf6 8.
Nf3 Na6 9. Nc3 Nb4 10. Qb1 Nbd5 11. O-O Nxc3 12. bxc3 Qb6 13. Be3 Qa6 14. Bd4
Be7 15. Qb2 Bd5 16. Rfd1 Rd8 17. Bf1 Ba3 18. Qc2 Be4 19. Bxf6 1-0

[Event "4NCL/Div1/WGR1 vs. PYO"]
[Site "West Bromwich ENG"]
[Date "2003.05.04"]
[Round "10.8"]
[White "Gilbert, Jessie"]
[Black "Hunt, Harriet"]
[Result "0-1"]
[WhiteElo "2113"]
[BlackElo "2393"]
[PlyCount "72"]
[EventDate "2003.05.04"]

1. d4 Nf6 2. c4 e6 3. Nf3 b6 4. g3 Ba6 5. Qa4 c6 6. Nc3 d5 7. cxd5 b5 8. Qb3
exd5 9. Bg2 Be7 10. a3 O-O 11. O-O Nbd7 12. Bf4 Bb7 13. Ne5 Nb6 14. Qc2 a5 15.
b3 Nfd7 16. a4 b4 17. Nd1 Nxe5 18. Bxe5 Nd7 19. Bf4 Bf6 20. Qd2 c5 21. Be3 Qc7
22. Rc1 c4 23. bxc4 dxc4 24. Bf4 c3 25. Qd3 Qb6 26. Bxb7 Qxb7 27. Nxc3 bxc3 28.
Rxc3 Rfd8 29. Rc7 Qb4 30. Rc4 Qb7 31. Rc7 Qd5 32. e4 Qxd4 33. Qb3 Qb6 34. Qa2
Qe6 35. Qc2 Ne5 36. Bxe5 Bxe5 $138 0-1

[Event "4NCL/Div1/BET vs. BAR1"]
[Site "West Bromwich ENG"]
[Date "2003.05.04"]
[Round "10.1"]
[White "Hunt, Adam C"]
[Black "Parker, Jonathan"]
[Result "1/2-1/2"]
[WhiteElo "2366"]
[BlackElo "2545"]
[PlyCount "50"]
[EventDate "2003.05.04"]

1. e4 e5 2. Nf3 Nc6 3. Bb5 Nf6 4. O-O Nxe4 5. d4 Nd6 6. Bxc6 {(=)} 6... dxc6 7.
dxe5 Nf5 8. Qxd8+ Kxd8 9. Nc3 Ne7 10. h3 Ke8 11. Ne2 a5 12. Bd2 h6 13. Ng3 c5
14. Rad1 Be6 15. a3 a4 16. Rfe1 Nd5 17. Nh4 g6 18. f4 Be7 19. Nf3 Kd7 20. Ne4
Kc6 21. Kf2 h5 22. Neg5 h4 23. Nxe6 fxe6 24. Re4 Nb6 25. Ke2 Rad8 1/2-1/2

[Event "4NCL/Div1/BET vs. BAR1"]
[Site "West Bromwich ENG"]
[Date "2003.05.04"]
[Round "10.2"]
[White "Webster, Andrew"]
[Black "Pert, Nicholas"]
[Result "1/2-1/2"]
[WhiteElo "2418"]
[BlackElo "2484"]
[PlyCount "208"]
[EventDate "2003.05.04"]

1. c4 e5 2. g3 Nf6 3. Bg2 c6 4. d4 exd4 5. Qxd4 Na6 6. Nf3 Bc5 7. Qe5+ Qe7 8.
Qxe7+ Bxe7 9. Nc3 d6 10. O-O O-O 11. Rd1 Rd8 12. b3 Nc7 13. Ba3 Bg4 14. Nd4 Bf8
15. h3 Bd7 16. Rd2 c5 17. Ndb5 Bxb5 18. Nxb5 Nxb5 19. cxb5 Rab8 20. Bb2 Ne8 21.
e4 Be7 22. Rad1 b6 23. f4 Kf8 24. Kf2 Rbc8 25. Bf1 Bf6 26. Bxf6 Nxf6 27. Kf3
Ke7 28. e5 dxe5 29. fxe5 Ne8 30. Bc4 Rxd2 31. Rxd2 Nc7 32. h4 Ne6 33. a4 Rd8
34. Ra2 Nd4+ 35. Ke4 f5+ 36. exf6+ gxf6 37. a5 Kd6 38. axb6 axb6 39. Ra6 Rb8
40. Ra7 Re8+ 41. Kf4 Re7 42. Ra6 Rb7 43. g4 Ke7 44. Ra8 Ne6+ 45. Kf5 Ng7+ 46.
Ke4 Ne8 47. Bd5 Nd6+ 48. Kf4 Rc7 49. Bc6 c4 50. bxc4 Nxc4 51. Re8+ Kf7 52. Rb8
Ke6 53. h5 Ra7 54. Re8+ Kf7 55. Rh8 Kg7 56. Rd8 Ne5 57. Bd5 Ra1 58. Rg8+ Kh6
59. g5+ Kxh5 60. gxf6 Ng6+ 61. Kg3 Ra4 62. f7 Rg4+ 63. Kf3 Rf4+ 64. Ke3 Rf6 65.
Kd4 Rf4+ 66. Kc3 Rf6 67. Bc4 Kh6 68. Kb4 Rf4 69. Kc3 Rf3+ 70. Kd4 Rf4+ 71. Ke3
Rf6 72. Bd5 Kh5 73. Kd3 Kh6 74. Kc3 Kh5 75. Rb8 Kh6 76. Bc6 Rxf7 77. Rxb6 Kg5
78. Rb8 Ne5 79. Bd5 Rd7 80. Kd4 Kf6 81. Re8 Ng6 82. Kc5 Nf4 83. Bc4 Nd3+ 84.
Kc6 Rd4 85. Be6 Ne5+ 86. Kc5 Rd2 87. b6 Rc2+ 88. Kb5 Rb2+ 89. Ka6 Nd3 90. Bc4
Nc5+ 91. Ka7 Rb4 92. Bf1 h5 93. Rc8 Ra4+ 94. Kb8 Nd7+ 95. Kc7 Nxb6 96. Kxb6 Rf4
97. Kc5 Kg5 98. Rg8+ Kh4 99. Be2 Re4 100. Bd3 Re3 101. Kd4 Rg3 102. Rh8 Rg5
103. Ke4 Kg3 104. Ba6 h4 1/2-1/2

[Event "4NCL/Div1/BET vs. BAR1"]
[Site "West Bromwich ENG"]
[Date "2003.05.04"]
[Round "10.3"]
[White "Williams, Simon K"]
[Black "Ferguson, Mark"]
[Result "1/2-1/2"]
[WhiteElo "2375"]
[BlackElo "2377"]
[PlyCount "73"]
[EventDate "2003.05.04"]

1. c4 Nf6 2. Nc3 e5 3. Nf3 Nc6 4. g3 d5 5. cxd5 Nxd5 6. Bg2 Nb6 7. O-O Be7 8.
Rb1 Bf5 9. d3 O-O 10. a3 Re8 11. b4 Bf8 12. Bb2 a5 13. b5 Nd4 14. Nxd4 exd4 15.
Ne4 a4 16. Nd2 Ra7 17. Nf3 Bc5 18. Qc1 Qd6 19. e4 Bg6 20. Qc2 Ra5 21. Bc1 Raa8
22. Qa2 Qe6 23. Qa1 Rad8 24. Ng5 Qe7 25. f4 Bh5 26. Qa2 h6 27. Nh3 Kh8 28. f5
f6 29. Nf4 Bf7 30. Qb2 Nd7 31. Bf3 Bd6 32. Qe2 Bxa3 33. Bxa3 Qxa3 34. Ra1 Qb4
35. Bh5 Bxh5 36. Qxh5 Ne5 37. Rfc1 1/2-1/2

[Event "4NCL/Div1/BET vs. BAR1"]
[Site "West Bromwich ENG"]
[Date "2003.05.04"]
[Round "10.4"]
[White "Palliser, Richard"]
[Black "Ledger, Andrew J"]
[Result "1/2-1/2"]
[WhiteElo "2441"]
[BlackElo "2428"]
[PlyCount "72"]
[EventDate "2003.05.04"]

1. d4 d5 2. c4 c6 3. Nf3 Nf6 4. e3 Bg4 5. Qb3 Qb6 6. Ne5 Be6 7. Nc3 Nbd7 8.
Nxd7 Bxd7 9. Na4 Qxb3 10. axb3 O-O-O 11. f3 Bf5 12. cxd5 cxd5 13. e4 dxe4 14.
Bf4 e5 15. Bxe5 Bd6 16. Bc4 exf3 17. O-O Rhe8 18. Bxf6 gxf6 19. Rxf3 Bg6 20.
Nc3 f5 21. Rxa7 Bb8 22. Ra8 Rxd4 23. Ne2 Rxc4 24. bxc4 Rxe2 25. b4 b6 26. c5
Kb7 27. Ra1 f4 28. Rf2 Re6 29. Rd1 bxc5 30. bxc5 Kc6 31. Rd8 Bc7 32. Rd1 Be4
33. Ra2 Kxc5 34. Rc1+ Kd6 35. Rd2+ Bd5 36. Rxc7 Kxc7 1/2-1/2

[Event "4NCL/Div1/BET vs. BAR1"]
[Site "West Bromwich ENG"]
[Date "2003.05.04"]
[Round "10.5"]
[White "Pert, Richard G"]
[Black "Collinson, Adam"]
[Result "1/2-1/2"]
[WhiteElo "2393"]
[BlackElo "2390"]
[PlyCount "78"]
[EventDate "2003.05.04"]

1. d4 Nf6 2. Bg5 e6 3. e4 c5 4. d5 d6 5. Nc3 Be7 6. Bb5+ Bd7 7. Bxd7+ Nbxd7 8.
dxe6 fxe6 9. Nf3 O-O 10. Bxf6 Nxf6 11. e5 dxe5 12. Qe2 Nd5 13. Qxe5 Nxc3 14.
Qxc3 Bf6 15. Qb3 Qd5 16. c4 Qe4+ 17. Kf1 Rad8 18. Re1 Qf5 19. h4 b6 20. Re2
Qb1+ 21. Ne1 Rd1 22. Rh3 Bxb2 23. Rhe3 Bd4 24. Qxb1 Rxb1 25. Rxe6 Rc1 26. Re7
Rf7 27. Re8+ Rf8 28. R8e7 Rxc4 29. Rxa7 Rc1 30. Rd7 Bc3 31. f3 Rc8 32. Rb7
Rxe1+ 33. Rxe1 Bxe1 34. Kxe1 Rc6 35. Rb8+ Kf7 36. Rb7+ Kf8 37. Rb8+ Ke7 38.
Rb7+ Kf8 39. Rb8+ Kf7 1/2-1/2